01103nam a2200205 i 4500001000300000100003300003245009000036260004600126300003000172490024200202500012600444504002600570650002900596830010200625040000800727041001100735080001200746008004100758856009800799bg1 aNOWAKOWSKI, Tomaszd(1953- )10aMetodyka prognozowania niezawodności obiektów mechanicznych /cTomasz Nowakowski. aWrocław :bOficyna Wydawnicza PW,c1999. a136 s. :bwykr. ;c24 cm.1 aPrace Naukowe Instytutu Konstrukcji i Eksploatacji Maszyn Politechniki Wrocławskiej. Monografie =aScientific Papers of the Institute of Machine Design and Operation of the Wrocław University of Technology. Monographs,x0324-962X ;v28 aTyt. równol. : The methods of the prediction of mechanical object dependability. - Nr serii gł. : 82. - Streszcz. ang. aBibliogr. s. 123-131. 9aMaszynyxbadaniexmetody 0aPrace Naukowe Instytutu Konstrukcji i Eksploatacji Maszyn Politechniki Wrocławskiej.pMonografie cBPK0 aplben a621-192 s pl f |000 0 pol  uhttp://koha.tu.koszalin.pl/cgi-bin/koha/opac-detail.pl?biblionumber=37800yKatalog online BPK